| 000 | 00423nam a2200157 i 4500 | ||
|---|---|---|---|
| 001 | 35879 | ||
| 003 | ES-MaACL | ||
| 005 | 20230906155233.0 | ||
| 007 | t| | ||
| 008 | 030214s1927 fr ||||1| fre d | ||
| 100 | 1 |
_aBréhier, Louis. _931559 |
|
| 245 | 1 | 2 |
_aL'homme dans la scupture romane / _cLouis Bréhier. |
| 260 |
_aParis : _b[s.n.], _c1927 ( _fCompiegne) |
||
| 300 |
_a455 p. ; _c28 cm. |
||
| 852 |
_aES-MaACL _j1709-F-8 |
||
| 999 |
_c35879 _d35879 |
||